Регионална библиотека "Любен Каравелов" - Русе

Каналы (Запис номер 411084)

MARC детайли
000 -Лидер
Контролно поле с фиксирана дължина nam a22 7a 4500
003 - Код на организацията, давaща контролен номер
Контролно поле BLK
005 - Дата и час на последна редакция
Контролно поле 20221208031052.0
008 - Елементи от данни с фиксирана дължина
fixed length control field 200329b bu |||||||||||||| ||bu d
040 ## - Източник на каталожния запис
Идентификатор на билиотеката - собственик на записа BLK
041 ## - Код за език
Код за езика на текст/звукозапис или на отделно заглавие Руски
Код за езика КДБФ Руски
080 ## - УДК
Текстов определител УДК Хидротехническо строителство. Строителство на канали. Мелиоративно строителство
УДК код - определител по УДК 626
УДК - код + определител 626
100 ## - Редна дума - Автор
Автор Карпов, Игорь Михайлович
Авторска отговорност първи автор
R(LIN) 450652
139 ## - Редно поле
Редна дума Карпов, Игорь Михайлович и др.
245 ## - Сведения за заглавието
Заглавие Каналы
Редно поле (дума) И. М. Карпов, В. В. Фандеев ; под ред. Е. А. Замарина
257 ## - Страна на издаване
Страна на създаване/издаване Русия
260 ## - Област на издателските данни
9 (RLIN) 440780
Място на издаване, разпространение и проч. Москва
Име на издателя, разпространителя и проч. Гос. изд. лит. по строительству и архитектуре
Година на издаване 1951
300 ## - Физическа характеристика
Страници 88 с.
Размери/Мащаб 19,5 см
Илюстрации и др. ил.
380 ## - Жанр
Жанр Техника
490 ## - СЕРИИ (Колекции)
9 (RLIN) 450655
Име на серия Популярно-техническая библиотека по гидротехнике
650 #0 - Допълнително описание по предмет – тема
9 (RLIN) 318217
Основно описание – тема или топоним Хидротехническо строителство
653 #0 - Ключова дума – ненормативна
9 (RLIN) 450656
Ключова дума канали
700 ## - Други автори (авторска отговорност)
Лично име Фандеев, Василий Васильевич
Автороска отговорност (Описва отношението между автора и произведението) съавт.
9 (RLIN) 1445
700 ## - Други автори (авторска отговорност)
9 (RLIN) 1311
Лично име Замарин, Евгений Алексеевич
Автороска отговорност (Описва отношението между автора и произведението) ред.
852 ## - Местоположение
Форматна сигнатура Цб 6.195.40821
Фондова буква Хранилище
999 ## - СИСТЕМНИ КОНТРОЛНИ НОМЕРА
Koha biblionumber 411084
Koha biblioitemnumber 411084
942 ## - АРТИКУЛИ
Вид на библиотечния материал Книги
Скрит в OPAC Не
Периодичен библиозапис Да
944 ## - СЪЗДАВАНЕ И РЕДАКЦИЯ на ЗАПИСА
Създаване/Редакция Създаване
Дата на регистрацията/редакция 2021-04-26
Служител, извършил регистрацията/редакцията Ренета Константинова
Статус, дата на статуса 2021-04-26
999 ## - СИСТЕМНИ КОНТРОЛНИ НОМЕРА
Koha biblioitemnumber 411084
Наличности
Код за отписване Код за изгубен артикул Източник на класификационната схема Код за повреда Коз за рестрикции Код за отдаване Артикулен № Име на библиотеката - собственик Име на библиотеката, в която се намира в момента Статус (Текущо местоположение) Дата на вписване в системата Местоположение - отдел Цена в лева Инвентарен номер Систематично азбучна сигнатура Баркод Цена в евро Служебен тип на артикула
  Не е изгубен Universal Decimal Classification Не е повреден само за читалня ползва се в читалня 827036 Регионална библиотека "Любен Каравелов" Русе Регионална библиотека "Любен Каравелов" Русе Хранилище 2021-04-27 Основен фонд - ползва се само за читалня 0.16 5281/53 Цб 6.195.40821 900000057648 0.08 Книги
Vip Innovations Ltd, Rousse, Bulgaria 2025